00393nam a2200133 450000500170000010000200001724500680003726400490010530000180015433600220017233700240019433800240021899900170024220260530113907.01 aFang Hai93290010aChinesism in Modern Furnitures Design / The Chair as an Example 1bUniversity opf Art and Design Helsinkic2004 a345 páginas atexto2rdacontent asin medio2rdamedia avolumen2rdacarrier c11982d11982